000 00451nam a2200169Ia 4500
999 _c2600
_d2600
008 200103s ||||xx |||||||||||||| ||und||
082 _a658.408
_bFER
100 _aFernandes, Edrich
245 0 _aBridge equipment and watchkeeping notes
260 _a[]
_bEdrich Fernandes
_c[]
300 _a71 p.: ill.
440 _aProfessional series: 2
650 _aBridge equipments
650 _aWatchkeeping
650 _aGyro compass
942 _cBK